Devuélveme el anillo, pelo cepillo / (Registro nro. 11620)

Detalles MARC
000 -LIDER
fixed length control field 00986nam a22003017a 4500
001 - NÚMERO DE CONTROL
Identificador de número de control 000575
003 - IDENTIFICACDOR DE NÚMERO DE CONTROL
control field DO-SdBNP
005 - DATE AND TIME OF LATEST TRANSACTION
control field 20180122104534.0
007 - CAMPOS FIJOS DE DESCRIPCIÓN FÍSICA
fixed length control field 000575
008 - ELEMENTOS DE LONGITUD FIJA
fixed length control field 161020b 1992 sp a ||||| |||| 00| 0 spa d
020 ## - ISBN
International Standard Book Number 8421618008
040 ## - FUENTE DE CATALOGACIÓN
Agencia que crea de manera original el registro BPMSU
Idioma de catalogación spa
Agencia que realiza la transcripción BPMSU
082 ## - NÚMERO DE CLASIFICACIÓN DECIMAL DE DEWEY
Classification number xxxx
Item number xxxx
100 1# - ASIENTO PRINCIPAL -- NOMBRE PERSONAL
Nombre personal Páez, Enrique,
Fechas asociadas con el nombre 1955-
245 10 - MENCIÓN DE TITULO
Título Devuélveme el anillo, pelo cepillo /
Mención de responsabilidad Enrique Páez ; lustración, Alicia Cañas Cortázar ; taller de lectura Marisa Fresno y Enrique Páez.
250 ## - MENCIÓN DE EDICION
Mención de edición 8ª ed.
260 ## - PUBLICACIÓN, DISTRIBUCIÓN, ETC. (PIE DE IMPRENTA)
Lugar de publicación, distribución, etc Madrid :
Nombre del editor, distribuidor, etc. Bruño,
Fecha de publicación, distribución, etc 1998.
300 ## - DESCRIPCIÓN FÍSICA
Extensión 137 p. :
Otros detalles físicos il. ;
Dimensiones 19 cm.
490 1# - MENCIÓN DE SERIES
Mención de serie Alta mar. Misterio
Volume/sequential designation 51
500 ## - NOTA GENERAL
Nota general Incluye datos del autor.
586 ## - AWARDS NOTE
Awards note "Premio Lazarillo 1991."
586 ## - AWARDS NOTE
Awards note "Lista de Honor Premio CCEI, 1993"
700 1# - ASIENTO SECUNDARIO -- NOMBRE PERSONAL
Nombre personal Cañas Cortázar, Alicia,
Fechas asociadas con el nombre 1947-
830 #0 - ASIENTO SECUNDARIO DE SERIE--TÍTULO UNIFORME
Título uniforme Alta mar. Misterio ;
Volume number/sequential designation 51
942 ## - ADDED ENTRY ELEMENTS (KOHA)
Source of classification or shelving scheme Dewey Decimal Classification
Koha item type Libros
945 ## - INFORMACIÓN DE PROCESAMIENTO LOCAL
Información de procesamiento local inventariado, 2018 / dg
956 ## - LOCAL ELECTRONIC LOCATION AND ACCESS (OCLC)
Método de acceso LOPEREZ
Materiales especificados 10
Enlace 201601020
Campo enlazado y núm. de secuencia BPMSU
Nombre de host 00041
Existencias
Withdrawn status Lost status Source of classification or shelving scheme Damaged status Not for loan Collection code Home library Current library Date acquired Source of acquisition Total Checkouts Full call number Barcode Date last seen Price effective from Koha item type
    Dewey Decimal Classification     Colección General Biblioteca Pública Metropolitana Salomé Ureña Biblioteca Pública Metropolitana Salomé Ureña 10/20/2016 FUNDI   xxxx xxxx BPMSU16100287 10/20/2016 10/20/2016 Libros